00962nam a22002535i 4500999001700000003000900017005001700026008004100043020001800084040004300102082001900145100003600164245006800200264007300268300002300341336002600364337002800390338002700418504005100445650002300496653002500519942001200544952015200556 c28120d28091EG-ScBUE20200216141148.0200216s2019 ii f b 001 0 eng d a9788131305096 aEG-ScBUEbengerdacEG-ScBUEdEG-ScBUE04a070.4bSIN2221 aSingh, Jitendra Kumar,eauthor.10aModern Journalism :bissues and trends /cJitendra Kumar Singh. 1aNew Delhi :bS. B. Nangia :bA. P. H. Publishing Corporation,c2019. a272 pages ;c24 cm atextbtxt2rdacontent aunmediatedbn2rdamedia avolumebnc2rdacarrier aIncludes bibliographical references and index. 7aJournalism.2BUEsh bCOMAMEcFebruary2020 2ddccBB 00102ddc40708BaccahaMAINbMAINcLOWd2020-02-16ePurchaseg663.00h34025l0o070.4 SINp000048681r2025-07-15 00:00:00v828.75w2020-02-16yBB